000 00240nam a2200097Ia 4500
008 231107s1990 xx 000 0 und d
041 _aeng
100 _aFutagawa Yukio
245 _aGA Document-27
260 _aTokyo
_bA.D.A. Editta pub.
_c1990
999 _c921473
_d921473